Emblems of the World Randomized - Statistics

General Stats
  • This quiz has been taken 13 times
  • The average score is 24 of 50
Answer Stats
Picture Answer % Correct
Afghanistan
100%
Albania
100%
Angola
100%
Argentina
100%
Belize
100%
Cameroon
100%
Central African Republic
100%
Chile
100%
Costa Rica
100%
Ecuador
100%
El Salvador
100%
Eritrea
100%
Eswatini
100%
Ethiopia
100%
Georgia
100%
Guinea
100%
Iran
100%
Iraq
100%
Ireland
100%
Israel
100%
Italy
100%
Kazakhstan
100%
Kosovo
100%
Kuwait
100%
Liberia
100%
Maldives
100%
Mali
100%
Malta
100%
Marshall Islands
100%
Mexico
100%
Mozambique
100%
Netherlands
100%
Portugal
100%
Republic of the Congo
100%
Sahrawi Arab Democratic Republic
100%
San Marino
100%
Serbia
100%
Singapore
100%
Slovakia
100%
Somalia
100%
Sri Lanka
100%
Tanzania
100%
Tonga
100%
United States
100%
Vanuatu
100%
Vietnam
100%
South Korea
75%
East Timor
67%
Iceland
67%
Algeria
50%
Australia
50%
Bahrain
50%
Belgium
50%
Bolivia
50%
Greece
50%
Hungary
50%
India
50%
Madagascar
50%
Moldova
50%
Montenegro
50%
Myanmar
50%
New Zealand
50%
Niger
50%
Norway
50%
Palau
50%
Paraguay
50%
Philippines
50%
Rwanda
50%
São Tomé and Príncipe
50%
South Sudan
50%
Spain
50%
Syria
50%
Tajikistan
50%
Thailand
50%
Togo
50%
Turkey
50%
Uganda
50%
United Kingdom
50%
Uzbekistan
50%
Zambia
50%
Zimbabwe
50%
Armenia
33%
Azerbaijan
33%
Botswana
33%
Brazil
33%
Gabon
33%
Germany
33%
Nauru
33%
Ukraine
33%
Abkhazia
0%
Andorra
0%
Antigua and Barbuda
0%
Artsakh
0%
Austria
0%
Bahamas
0%
Bangladesh
0%
Barbados
0%
Belarus
0%
Benin
0%
Bhutan
0%
Bosnia and Herzegovina
0%
Brunei
0%
Bulgaria
0%
Burkina Faso
0%
Burundi
0%
Cambodia
0%
Canada
0%
Cape Verde
0%
Chad
0%
China
0%
Colombia
0%
Comoros
0%
Croatia
0%
Cuba
0%
Cyprus
0%
Czech Republic
0%
Democratic Republic of the Congo
0%
Denmark
0%
Djibouti
0%
Dominica
0%
Dominican Republic
0%
Egypt
0%
Equatorial Guinea
0%
Estonia
0%
Federated States of Micronesia
0%
Fiji
0%
Finland
0%
France
0%
Gambia
0%
Ghana
0%
Grenada
0%
Guatemala
0%
Guinea-Bissau
0%
Guyana
0%
Haiti
0%
Honduras
0%
Indonesia
0%
Ivory Coast
0%
Jamaica
0%
Japan
0%
Jordan
0%
Kenya
0%
Kiribati
0%
Kyrgyzstan
0%
Laos
0%
Latvia
0%
Lebanon
0%
Lesotho
0%
Libya
0%
Liechtenstein
0%
Lithuania
0%
Luxembourg
0%
Malawi
0%
Malaysia
0%
Mauritania
0%
Mauritius
0%
Monaco
0%
Mongolia
0%
Morocco
0%
Namibia
0%
Nepal
0%
Nicaragua
0%
Nigeria
0%
Northern Cyprus
0%
North Korea
0%
North Macedonia
0%
Oman
0%
Pakistan
0%
Palestine
0%
Panama
0%
Papua New Guinea
0%
Peru
0%
Poland
0%
Qatar
0%
Romania
0%
Russia
0%
Saint Kitts and Nevis
0%
Saint Lucia
0%
Saint Vincent and the Grenadines
0%
Samoa
0%
Saudi Arabia
0%
Senegal
0%
Seychelles
0%
Sierra Leone
0%
Slovenia
0%
Solomon Islands
0%
Somaliland
0%
South Africa
0%
South Ossetia
0%
Sudan
0%
Suriname
0%
Sweden
0%
Switzerland
0%
Taiwan
0%
Transnistria
0%
Trinidad and Tobago
0%
Tunisia
0%
Turkmenistan
0%
Tuvalu
0%
United Arab Emirates
0%
Uruguay
0%
Vatican City
0%
Venezuela
0%
Yemen
0%
No matching quizzes found
Score Distribution
Percent of People with Each Score
Percentile by Number Answered
Your Score History
You have not taken this quiz